[Event "7th Sunway Sitges 2020"]
[Site "Sitges ESP"]
[Date "2020.12.16"]
[Round "4.46"]
[White "Menac Comas, Joan Ramon"]
[Black "Eizaguerri Floris, Maria"]
[Result "1/2-1/2"]
[WhiteTitle "CM"]
[BlackTitle "WFM"]
[WhiteElo "2014"]
[BlackElo "2167"]
[WhiteFideId "2255308"]
[BlackFideId "32065752"]
[EventDate "2020.12.13"]

1. Nf3 d5 2. c4 c6 3. e3 Nf6 4. Nc3 e6 5. Qc2 Nbd7 6. b3 Bd6 7. Bb2 O-O 8. Rg1
dxc4 9. bxc4 e5 10. g4 Nc5 11. g5 Nfd7 12. O-O-O Re8 13. d4 exd4 14. exd4 Na6
15. a3 Nf8 16. Bd3 Bd7 17. Ne4 Bf4+ 18. Kb1 Kh8 19. Qc3 Ng6 20. h4 Bf5 21. Rde1
h5 22. Ng3 Bxd3+ 23. Qxd3 Rxe1+ 24. Rxe1 Bxg3 25. fxg3 Nc7 26. Qf5 Qd6 27. d5
Rf8 28. Ne5 Nxe5 29. Rxe5 cxd5 30. cxd5 Nb5 31. Re3 Qc5 32. g6 fxg6 33. Qxg6
Rf1+ 34. Ka2 Qxd5+ 35. Rb3 Rf7 36. Bxg7+ Rxg7 37. Qe8+ Kh7 38. Qxb5 Qxb5 39.
Rxb5 Kh6 40. a4 b6 41. a5 bxa5 42. Rxa5 Rxg3 43. Rxa7 Rg4 44. Ra6+ Kg7 45. Ra7+
Kf6 46. Ra6+ Kf7 47. Ra7+ Kg6 48. Ra6+ Kg7 49. Ra7+ Kh6 50. Ra6+ Rg6 51. Rxg6+
Kxg6 52. Kb2 Kf5 53. Kc2 Kg4 54. Kd2 Kxh4 55. Ke2 Kg3 56. Kf1 Kh2 57. Kf2 h4 58.
Kf1 h3 59. Kf2 Kh1 60. Kf1 1/2-1/2

[Event "7th Sunway Sitges 2020"]
[Site "Sitges ESP"]
[Date "2020.12.16"]
[Round "4.47"]
[White "Papadiamandis, Elliot"]
[Black "Mayrhuber, Nikola"]
[Result "1-0"]
[WhiteTitle "CM"]
[BlackTitle "WFM"]
[WhiteElo "2134"]
[BlackElo "1998"]
[WhiteFideId "36074160"]
[BlackFideId "1637819"]
[EventDate "2020.12.13"]

1. e4 e6 2. d4 d5 3. Nd2 c5 4. exd5 exd5 5. Ngf3 Nc6 6. Bb5 Qe7+ 7. Be2 Qc7 8.
O-O Nf6 9. Bb5 cxd4 10. Qe2+ Be7 11. Re1 a6 12. Bxc6+ bxc6 13. b4 Ra7 14. Bb2
O-O 15. Bxd4 Rb7 16. c3 a5 17. a3 Bf5 18. h3 h6 19. Qa6 Bd6 20. Bxf6 gxf6 21.
Nd4 Bd7 22. N2b3 axb4 23. axb4 Kh8 24. Nc5 Rb6 25. Qxb6 Qxb6 26. Nxd7 Qd8 27.
Nxf8 Qxf8 28. Nxc6 Qc8 29. b5 Bc5 30. Rab1 Qb7 31. Red1 Qd7 32. c4 Qf5 33. Rf1
Qe6 34. Rbe1 Qf5 35. Ne7 Qd3 36. cxd5 Qxb5 37. Nf5 Qd7 38. Nxh6 Qxd5 39. Ng4 Qg5
40. Nh2 f5 41. Nf3 Qf6 42. Rc1 Bb6 43. Rc4 Qb2 44. g3 Qb3 45. Rf4 Qd3 46. Kg2
Bc7 47. Rd4 Qe2 48. Re1 Qa2 49. Re7 Bb6 50. Rd2 Qc4 51. Ne5 Qe4+ 52. Kh2 Kg8 53.
Re8+ Kg7 54. Rd7 1-0

[Event "7th Sunway Sitges 2020"]
[Site "Sitges ESP"]
[Date "2020.12.16"]
[Round "4.48"]
[White "Ribera Veganzones, Serni"]
[Black "Roque, Gaetan"]
[Result "1-0"]
[WhiteElo "1926"]
[BlackElo "2132"]
[WhiteFideId "6900860"]
[BlackFideId "20666934"]
[EventDate "2020.12.13"]

1. e4 Nf6 2. e5 Nd5 3. d4 d6 4. c4 Nb6 5. exd6 cxd6 6. Nc3 g6 7. Be3 Bg7 8. Rc1
O-O 9. b3 Nc6 10. Be2 f5 11. d5 Ne5 12. f4 Ng4 13. Bxg4 fxg4 14. Nge2 e5 15.
dxe6 Bxe6 16. O-O Qe7 17. Bd4 Rad8 18. Qd2 d5 19. c5 Nd7 20. b4 Nf6 21. Qe3 Rfe8
22. Be5 Ne4 23. Qd4 Bxe5 24. Qxe5 Bf5 25. Qxe7 Rxe7 26. Nd4 a5 27. a3 axb4 28.
axb4 Nxc3 29. Rxc3 Re4 30. Rd3 Rxf4 31. Rxf4 Bxd3 32. Rxg4 Kf8 33. Nf3 Be4 34.
Nd2 h5 35. Rh4 Re8 36. Nxe4 dxe4 37. Kf2 e3+ 38. Ke2 Re5 39. Rd4 Kf7 40. Rd7+
Ke6 41. Rxb7 Kd5 42. Rb6 g5 43. c6 Kd6 44. b5 Kc7 45. Rb7+ Kc8 46. b6 Re6 47.
Rc7+ Kb8 48. h3 h4 49. Rg7 Rxc6 50. Kxe3 Rc3+ 51. Kf2 Rc2+ 52. Kg1 Rc1+ 53. Kh2
Rc5 54. Rg6 Kb7 55. Kg1 Rf5 56. g3 Rb5 57. g4 Rxb6 58. Rxg5 Rb1+ 59. Kg2 Rb2+
60. Kf3 Rb3+ 61. Kf4 Rxh3 62. Rh5 Rh1 63. g5 h3 64. Kg3 Kc7 65. Rxh3 Rg1+ 66.
Kh4 Kd7 67. Re3 Rh1+ 68. Kg4 Rg1+ 69. Kh5 Rh1+ 70. Kg6 Rg1 71. Kf6 Rf1+ 72. Kg7
Rg1 73. g6 Rg2 74. Kf7 Rf2+ 75. Kg8 Rg2 76. g7 Kd6 77. Re4 Kd5 78. Re7 Rf2 79.
Rf7 Rb2 80. Kf8 Rb8+ 81. Ke7 Ke5 82. Rf1 Rb7+ 83. Kf8 Rb8+ 84. Kf7 Rb7+ 85. Kg6 1-0

[Event "7th Sunway Sitges 2020"]
[Site "Sitges ESP"]
[Date "2020.12.16"]
[Round "4.49"]
[White "Lobo Pereira, Arami"]
[Black "Altisen Palmada, Roberto"]
[Result "1/2-1/2"]
[WhiteElo "1786"]
[BlackElo "2102"]
[WhiteFideId "24560588"]
[BlackFideId "2208652"]
[EventDate "2020.12.13"]

1. d4 Nf6 2. c4 g6 3. Nc3 Bg7 4. e4 d6 5. Be2 O-O 6. Be3 Nbd7 7. g4 e5 8. d5 b6
9. h4 Nc5 10. f3 h5 11. g5 Nfd7 12. Qd2 a5 13. O-O-O a4 14. Nh3 Nb8 15. Nf2 Nba6
16. Nd3 Bd7 17. Bf1 Qc8 18. Qh2 Qb7 19. Bh3 Nxd3+ 20. Rxd3 Be8 21. Rd2 b5 22.
cxb5 Bxb5 23. Nxb5 Qxb5 24. Bf1 Qb4 25. Bxa6 Rxa6 26. Rc2 Rc8 27. Qe2 Qb7 28.
Rd1 c5 29. dxc6 Raxc6 30. Rd2 f5 31. Rxc6 Rxc6+ 32. Rc2 fxe4 33. fxe4 Qc7 34.
Qd2 Rxc2+ 35. Qxc2 Qd7 36. Qc4+ Kh7 37. Bf2 Qh3 38. Kd2 Qf3 39. Ke1 Qh1+ 40. Ke2
Qb1 41. Qxa4 Qxb2+ 42. Kf1 Qb1+ 43. Kg2 Qd3 44. Qc6 Qa3 45. Qc4 Bf8 46. Qf7+ Bg7
47. Qb3 Qa8 48. Qc4 Qa3 49. Kf1 Bf8 50. Qf7+ Bg7 51. Kg2 Qa8 52. Qc4 Qa3 1/2-1/2

[Event "7th Sunway Sitges 2020"]
[Site "Sitges ESP"]
[Date "2020.12.16"]
[Round "4.50"]
[White "Llopis de Aysa, Manuel"]
[Black "Catarineu Morales, Alex"]
[Result "0-1"]
[WhiteTitle "CM"]
[WhiteElo "2093"]
[BlackElo "1992"]
[WhiteFideId "2203162"]
[BlackFideId "22220534"]
[EventDate "2020.12.13"]

1. d4 d5 2. c4 e6 3. Nf3 c6 4. e3 Bd6 5. Bd3 f5 6. O-O Nf6 7. b3 Qe7 8. Bb2 O-O
9. Nc3 Ne4 10. Ne2 Nd7 11. Ne5 Nxe5 12. dxe5 Ba3 13. Bxa3 Qxa3 14. Qc2 Qe7 15.
Rac1 Bd7 16. f3 Ng5 17. f4 Ne4 18. Bxe4 fxe4 19. c5 Kh8 20. Kh1 Be8 21. Nd4 Bh5
22. Rg1 Bg4 23. Qf2 g5 24. h3 Bh5 25. g4 Bg6 26. Qg3 Rf7 27. f5 exf5 28. gxf5
Bxf5 29. Qxg5 Bxh3 30. Kh2 Be6 31. Qxe7 Rxe7 32. Rcf1 Rae8 33. Rf6 Bc8 34. Rgf1
Be6 35. Kg3 Bg8 36. Kf4 Rxe5 37. Nf5 0-1

[Event "7th Sunway Sitges 2020"]
[Site "Sitges ESP"]
[Date "2020.12.16"]
[Round "4.51"]
[White "Sperat Czar, Nicolas"]
[Black "Boixader Arbo, Xavier"]
[Result "1/2-1/2"]
[WhiteElo "1775"]
[BlackElo "2091"]
[WhiteFideId "551007827"]
[BlackFideId "32067305"]
[EventDate "2020.12.13"]

1. e4 e6 2. d4 d5 3. Nc3 Nf6 4. e5 Nfd7 5. f4 c5 6. Nf3 Nc6 7. Be3 Qb6 8. Na4
Qa5+ 9. c3 b6 10. Be2 Ba6 11. Bxa6 Qxa6 12. b3 Rc8 13. Qe2 Qa5 14. O-O c4 15.
Qc2 b5 16. Nb2 Ba3 17. Nd1 Ne7 18. g4 g6 19. b4 Qb6 20. Bc1 Bxc1 21. Rxc1 a5 22.
a3 h6 23. Qf2 Ra8 24. Nh4 Kd8 25. f5 g5 26. fxe6 fxe6 27. Ng2 Rf8 28. Qxf8+ Nxf8
29. Rxf8+ Kd7 30. Rxa8 Nc6 31. bxa5 Nxa5 32. Nde3 Nc6 33. Rh8 Nxd4 34. cxd4 Qxd4
35. Rxh6 Qxe5 36. Rd1 d4 37. Nc2 d3 38. Nce3 Qc5 39. Rh5 Kc6 40. Kf1 Qxa3 41.
Rh8 Qb2 42. Rf8 Qe5 43. Kg1 Qd4 44. Rc8+ Kb7 45. Rf8 b4 46. Rb1 c3 47. Kh1 c2
48. Rf7+ Kc6 49. Rc1 b3 50. Rff1 Kb5 51. h3 Qh8 52. Kh2 Qe5+ 53. Kg1 d2 54. Rxc2
bxc2 55. Nxc2 Kc4 56. Nce3+ Kb3 57. Rd1 Qd4 58. Kh2 e5 59. Kg1 e4 60. Kf1 Kc3
61. Kf2 Qd3 1/2-1/2

[Event "7th Sunway Sitges 2020"]
[Site "Sitges ESP"]
[Date "2020.12.16"]
[Round "4.52"]
[White "Maloberti, David"]
[Black "Rocamora Martorell, Ferran"]
[Result "1-0"]
[WhiteElo "2076"]
[BlackElo "1931"]
[WhiteFideId "620149"]
[BlackFideId "54524130"]
[EventDate "2020.12.13"]

1. d4 Nf6 2. c4 g6 3. Nc3 Bg7 4. e4 O-O 5. Nf3 d6 6. Be2 Nbd7 7. O-O e5 8. Be3
Re8 9. d5 Nh5 10. g3 Bf8 11. Ne1 Ng7 12. Nd3 f5 13. Rc1 Be7 14. f3 a5 15. Qd2 h5
16. a3 Nf6 17. c5 Bd7 18. cxd6 cxd6 19. Nf2 h4 20. Bb5 hxg3 21. hxg3 Nfh5 22.
Bxd7 Qxd7 23. Nh1 Rf8 24. Bg5 Nf6 25. a4 Bd8 26. Be3 Nfh5 27. Qg2 Ne8 28. Qh3
Qe7 29. Nf2 Neg7 30. Nd3 f4 31. gxf4 Nxf4 32. Nxf4 exf4 33. Bd4 Kf7 34. Nb5 Kg8
35. Rf2 Ra6 36. Rg2 g5 37. Qh6 Bb6 38. Rxg5 Bxd4+ 39. Nxd4 Rf6 40. Rc8+ 1-0

[Event "7th Sunway Sitges 2020"]
[Site "Sitges ESP"]
[Date "2020.12.16"]
[Round "4.53"]
[White "Gardner, Leo"]
[Black "Millaret Lores, Francesc"]
[Result "0-1"]
[WhiteElo "1533"]
[BlackElo "2073"]
[WhiteFideId "24585432"]
[BlackFideId "2272741"]
[EventDate "2020.12.13"]

1. e4 c5 2. Nf3 d6 3. d4 cxd4 4. Nxd4 Nf6 5. Nc3 a6 6. Be3 e5 7. Nb3 Be7 8. g3
Be6 9. Qd2 O-O 10. O-O-O a5 11. Kb1 a4 12. Nc1 Ra5 13. g4 d5 14. exd5 Nxd5 15.
Nxd5 Rxd5 16. Bd3 Nc6 17. Qe2 Nd4 18. Bxd4 Rxd4 19. c3 Rd6 20. Qxe5 Qb6 21. Qb5
Bf6 22. Qxb6 Rxb6 23. Kc2 a3 24. b3 Rc6 25. Ne2 Rfc8 26. Be4 R6c7 27. Rd3 b5 28.
Rhd1 g6 29. Nd4 Bxd4 30. Rxd4 Rxc3+ 31. Kd2 f5 32. gxf5 Bxf5 33. Bxf5 gxf5 34.
Ke2 Rc2+ 35. R1d2 Rb2 36. Kd3 Rc1 37. Ke2 Ra1 38. Kd3 Raxa2 39. Rxb2 Rxb2 40.
Rd8+ Kg7 41. Kc3 Rxf2 42. Kb4 a2 43. Ra8 h5 44. Kxb5 Rc2 0-1

[Event "7th Sunway Sitges 2020"]
[Site "Sitges ESP"]
[Date "2020.12.16"]
[Round "4.55"]
[White "Rut, Vojtech"]
[Black "Romeu Viladot, Emili"]
[Result "1/2-1/2"]
[WhiteElo "2057"]
[BlackElo "1688"]
[WhiteFideId "333190"]
[BlackFideId "24586080"]
[EventDate "2020.12.13"]

1. g3 d5 2. d4 Nf6 3. Bg2 e6 4. Nf3 Bd6 5. c4 O-O 6. O-O b6 7. Nc3 Bb7 8. b3
Nbd7 9. Bb2 a6 10. Rc1 c5 11. cxd5 exd5 12. Qd2 Bc7 13. Rfd1 Ne4 14. Nxe4 dxe4
15. Ng5 Re8 16. h4 h6 17. dxc5 Nxc5 18. Qc3 Be5 19. Rxd8 Bxc3 20. Rxa8 Bxa8 21.
Bxc3 hxg5 22. hxg5 Ne6 23. Bd2 Rd8 24. Be3 b5 25. Bh3 Kf8 26. g6 Ke7 27. gxf7
Kxf7 28. Bg2 Kf6 29. g4 g5 30. Kh2 Ke5 31. Kg3 Rh8 32. Bd2 Nf4 1/2-1/2

[Event "7th Sunway Sitges 2020"]
[Site "Sitges ESP"]
[Date "2020.12.16"]
[Round "4.56"]
[White "Rodriguez Diaz, Javier"]
[Black "Bibilashvili, Lali"]
[Result "0-1"]
[BlackTitle "WCM"]
[WhiteElo "2049"]
[BlackElo "1830"]
[WhiteFideId "32044186"]
[BlackFideId "13604236"]
[EventDate "2020.12.13"]

1. e4 c6 2. Nf3 d5 3. d3 g6 4. Nbd2 Bg7 5. Be2 e6 6. O-O Ne7 7. d4 O-O 8. c3 Nd7
9. Bd3 b6 10. a4 Bb7 11. exd5 Nxd5 12. Ne4 Qc7 13. Bg5 h6 14. Bh4 f5 15. Ned2 g5
16. Bxg5 hxg5 17. Nxg5 Rf6 18. Re1 Nf8 19. Bc4 Rh6 20. Ndf3 Rd8 21. Qb3 Bc8 22.
g3 a6 23. Ne5 Bxe5 24. Rxe5 Nh7 25. Nf3 Nhf6 26. Re2 b5 27. Bd3 Qg7 28. Ne5 Nf4
29. Rd2 Nxd3 30. Rxd3 Qc7 31. Re3 Ng4 32. Nxg4 fxg4 33. Re4 Qg7 34. Qd1 Rg6 35.
Qe2 Rd5 36. b4 Rgg5 37. axb5 cxb5 38. Rxe6 Bxe6 39. Qxe6+ Qf7 40. Qc8+ Kh7 41.
Qxa6 Rd7 42. Qa8 Re7 43. Qb8 Rf5 44. Qd8 Rxf2 45. Qxe7 Qxe7 46. Kxf2 Qe4 47.
Ra7+ Kg6 48. Rc7 Qh1 49. Ke3 Qf3+ 50. Kd2 Qf2+ 51. Kd3 Qxh2 52. Rc6+ Kf7 53.
Rc7+ Ke8 54. Ke4 Qxg3 55. Rg7 Qf3+ 56. Ke5 g3 57. Ke6 Qc6+ 58. Ke5 g2 59. d5
Qxc3+ 0-1

[Event "7th Sunway Sitges 2020"]
[Site "Sitges ESP"]
[Date "2020.12.16"]
[Round "4.57"]
[White "Bin-Suhayl, Ieysaa"]
[Black "Lohia, Sohum"]
[Result "1-0"]
[WhiteElo "2193"]
[BlackElo "1987"]
[WhiteFideId "429031"]
[BlackFideId "5819369"]
[EventDate "2020.12.13"]

1. Nf3 Nf6 2. c4 b6 3. g3 Bb7 4. Bg2 g6 5. O-O Bg7 6. Nc3 O-O 7. Re1 c5 8. e4
Nc6 9. d3 Ne8 10. Rb1 Nc7 11. Nd5 e6 12. Bg5 f6 13. Nxc7 Qxc7 14. Bf4 e5 15. Bd2
f5 16. exf5 Rxf5 17. Nh4 Rh5 18. Bf3 Rxh4 19. Bd5+ Kh8 20. gxh4 Nd4 21. Bc3 Bxd5
22. cxd5 Nf5 23. Qg4 Qd6 24. Qe4 Re8 25. f4 Nd4 26. Bxd4 cxd4 27. Re2 Qc5 28.
Rf1 d6 29. Kg2 Bh6 30. h3 a5 31. Kh2 Rf8 32. f5 Bf4+ 33. Rxf4 exf4 34. fxg6 hxg6
35. Qe7 Qc8 36. Qxd6 f3 37. Qe5+ Kg8 38. Rf2 Qc1 39. Qxd4 Qe1 40. d6 Qc1 41. Qg4
Kh7 42. h5 g5 43. Qe4+ Kg8 44. h6 Qf4+ 45. Qxf4 Rxf4 46. Kg3 Rd4 47. Rxf3 Rxd6
48. Kg4 Rxh6 49. Kxg5 Rd6 50. Kf5 Rc6 51. d4 a4 52. Rf2 Rc1 53. Ke6 Rh1 54. d5
Rxh3 55. d6 Re3+ 56. Kd7 a3 57. bxa3 Rxa3 58. Kc7 b5 59. d7 Rc3+ 60. Kb7 Rd3 61.
Kc6 b4 62. Rc2 Kf7 63. Kc7 Ke7 64. d8=Q+ Rxd8 65. Re2+ 1-0

[Event "7th Sunway Sitges 2020"]
[Site "Sitges ESP"]
[Date "2020.12.16"]
[Round "4.58"]
[White "Shatil, Shir"]
[Black "Le Pen, Steven"]
[Result "1-0"]
[WhiteElo "1920"]
[BlackElo "2141"]
[WhiteFideId "2828278"]
[BlackFideId "612197"]
[EventDate "2020.12.13"]

1. d4 Nf6 2. c4 g6 3. Nc3 d5 4. Nf3 Bg7 5. Qb3 dxc4 6. Qxc4 a6 7. e4 b5 8. Qb3
O-O 9. e5 Be6 10. Qa3 Nd5 11. Bxb5 axb5 12. Qxa8 Nb4 13. O-O Nc2 14. Rb1 c6 15.
Qa7 Nd7 16. Bd2 Bc4 17. Rfd1 Nb6 18. Rbc1 Nb4 19. b3 Be6 20. Ne4 N6d5 21. Bxb4
Nxb4 22. a3 Na2 23. Rc5 Bxb3 24. Ra1 Bd5 25. Ned2 b4 26. axb4 Nxb4 27. Qa3 Qb6
28. Rb1 Rb8 29. Ne1 Bh6 30. Nc4 Qb7 31. Nd3 Qa6 32. Rxb4 Rxb4 33. Nxb4 1-0

[Event "7th Sunway Sitges 2020"]
[Site "Sitges ESP"]
[Date "2020.12.16"]
[Round "4.59"]
[White "Guillo Longares, Cecilia"]
[Black "Gutierrez Palomino, Albert"]
[Result "1-0"]
[WhiteTitle "WFM"]
[WhiteElo "2089"]
[BlackElo "1984"]
[WhiteFideId "32082681"]
[BlackFideId "54565693"]
[EventDate "2020.12.13"]

1. d4 e6 2. c4 f5 3. Nf3 Nf6 4. g3 d5 5. Bg2 c6 6. a3 Bd6 7. c5 Be7 8. Nc3 b6 9.
b4 a5 10. Bf4 O-O 11. Ne5 Nfd7 12. Nd3 g5 13. Bxb8 Rxb8 14. Qa4 Qc7 15. f4 Ba6
16. Ne5 Nxe5 17. fxe5 bxc5 18. bxc5 Bc4 19. Qc2 Bb3 20. Qd2 a4 21. O-O Qa5 22.
Rac1 Rb7 23. h4 h6 24. g4 Bd8 25. gxf5 exf5 26. Qd3 Rbf7 27. e6 Rf6 28. hxg5
hxg5 29. Qe3 f4 30. Qe5 Rf5 31. Qd6 Qc7 32. e4 fxe3 33. Rxf5 Rxf5 34. Re1 Qxd6
35. cxd6 Bb6 36. e7 Kf7 37. Rxe3 Ke8 38. d7+ 1-0

[Event "7th Sunway Sitges 2020"]
[Site "Sitges ESP"]
[Date "2020.12.16"]
[Round "4.60"]
[White "Sanchez Lopez, Juan Manuel"]
[Black "Sanleon Pravisano, Nieves"]
[Result "0-1"]
[WhiteElo "2085"]
[BlackElo "1847"]
[WhiteFideId "2227037"]
[BlackFideId "32088590"]
[EventDate "2020.12.13"]

1. c4 e5 2. g3 Nc6 3. Bg2 Bc5 4. Nc3 a6 5. e3 Ba7 6. Nge2 d6 7. d4 h5 8. h4 Nf6
9. Nd5 Nxd5 10. cxd5 Ne7 11. dxe5 dxe5 12. Nc3 Nf5 13. b3 Nd6 14. Bb2 Bg4 15.
Bf3 Qd7 16. Bxg4 hxg4 17. Qc2 O-O-O 18. O-O-O Rde8 19. Kb1 Kb8 20. Rc1 Rh5 21.
Rhd1 Rf5 22. Ba1 Rf6 23. Na4 Nb5 24. Bb2 Qf5 25. Qxf5 Rxf5 26. Rd2 f6 27. Rc4 e4
28. Nc5 Nd6 29. Rcc2 Bxc5 30. Rxc5 Rd8 31. a4 b6 32. Rc6 Nc8 33. Re6 Rfxd5 34.
Rxd5 Rxd5 35. Rxe4 f5 36. Re8 g6 37. Be5 Kb7 38. Bf4 Nd6 39. Rg8 Ne4 40. Rxg6
Rd1+ 41. Kb2 Rd2+ 42. Kc1 Rxf2 43. h5 Rf1+ 44. Kc2 Rf2+ 45. Kd1 Rf1+ 46. Ke2 Ra1
47. Be5 Ra2+ 48. Kf1 Nd2+ 49. Ke1 Nf3+ 50. Kf1 Nxe5 51. Rg5 Ra1+ 52. Kf2 Ra2+
53. Kf1 Kc6 54. Rxf5 Kd5 55. Rf2 Rxf2+ 56. Kxf2 Ke4 57. h6 c5 58. h7 Ng6 59. Ke2
b5 60. a5 c4 61. bxc4 bxc4 62. Kd2 Kf3 63. Kc3 Kxg3 64. Kxc4 Kf3 0-1

[Event "7th Sunway Sitges 2020"]
[Site "Sitges ESP"]
[Date "2020.12.17"]
[Round "5.1"]
[White "Vasquez Schroeder, Rodrigo"]
[Black "Cheparinov, Ivan"]
[Result "1/2-1/2"]
[WhiteTitle "GM"]
[BlackTitle "GM"]
[WhiteElo "2459"]
[BlackElo "2660"]
[WhiteFideId "3400042"]
[BlackFideId "2905540"]
[EventDate "2020.12.13"]

1. d4 Nf6 2. Nf3 d5 3. c4 e6 4. Bg5 Bb4+ 5. Nc3 dxc4 6. e4 h6 7. Bxf6 Qxf6 8.
Bxc4 c5 9. e5 Qd8 10. a3 Bxc3+ 11. bxc3 cxd4 12. cxd4 Qa5+ 13. Qd2 Nc6 14. Bd3
Bd7 15. Be4 Ke7 16. Rb1 Rab8 17. Qxa5 Nxa5 18. Ke2 Nc4 19. Rb3 Rhc8 20. Rc1 b5
21. Bd3 Bc6 22. Bxc4 bxc4 23. Rxb8 Rxb8 24. Nd2 Rb2 25. Ke3 Ra2 26. Nxc4 Bxg2
27. Rc3 f5 28. exf6+ gxf6 29. Nd2 a6 30. f3 Kf7 31. h4 h5 32. Ne4 Kg6 33. Ng3
Bh3 34. Kf4 Rd2 35. Ke3 Ra2 36. Kf4 Rd2 1/2-1/2

[Event "7th Sunway Sitges 2020"]
[Site "Sitges ESP"]
[Date "2020.12.17"]
[Round "5.2"]
[White "Moussard, Jules"]
[Black "Fier, Alexandr"]
[Result "1/2-1/2"]
[WhiteTitle "GM"]
[BlackTitle "GM"]
[WhiteElo "2626"]
[BlackElo "2549"]
[WhiteFideId "642908"]
[BlackFideId "2107139"]
[EventDate "2020.12.13"]

1. e4 c5 2. Nf3 e6 3. d4 cxd4 4. Nxd4 Nc6 5. Nc3 Qc7 6. f4 a6 7. Nxc6 Qxc6 8.
Bd3 b5 9. Qe2 Bb7 10. Bd2 Bc5 11. O-O-O Ne7 12. a3 O-O 13. h4 b4 14. axb4 Bxb4
15. f5 exf5 16. exf5 Bxc3 17. Bxc3 Nd5 18. Bd4 Nf4 19. Qg4 Nxd3+ 20. Rxd3 f6 21.
Rg3 Rf7 22. Re1 Qa4 23. Qf4 Rc8 24. Rc3 Rff8 25. g4 Rfe8 26. Rxe8+ Rxe8 27. Re3
Rxe3 28. Qxe3 Kf7 29. b3 Qa3+ 30. Kb1 Qe7 31. Qf4 Qe4 32. Qd6 Qd5 33. Qb6 Qc6
34. Qd8 Qd6 35. Bc3 Bf3 36. g5 Be4 37. Kb2 Bxf5 38. gxf6 gxf6 39. h5 Be4 40. h6
Qe7 41. Qc8 Qe6 42. Qh8 Qf5 43. Qg7+ Ke6 44. Qg8+ Ke7 45. Bb4+ d6 46. Qc4 Qe5+
47. Bc3 Qf4 48. Qc7+ Ke6 49. Qc8+ Ke7 50. Qc7+ Ke6 51. Qc8+ Ke7 1/2-1/2

[Event "7th Sunway Sitges 2020"]
[Site "Sitges ESP"]
[Date "2020.12.17"]
[Round "5.3"]
[White "Checa, Nicolas"]
[Black "Santos Latasa, Jaime"]
[Result "1/2-1/2"]
[WhiteTitle "GM"]
[BlackTitle "GM"]
[WhiteElo "2527"]
[BlackElo "2588"]
[WhiteFideId "2069342"]
[BlackFideId "2293307"]
[EventDate "2020.12.13"]

1. d4 Nf6 2. c4 e6 3. Nf3 d5 4. Nc3 c6 5. Bg5 h6 6. Bxf6 Qxf6 7. e3 g6 8. Be2
Bg7 9. O-O O-O 10. Qc2 Nd7 11. cxd5 exd5 12. b4 a6 13. a4 Qd6 14. b5 a5 15. bxc6
bxc6 16. Rab1 Rb8 17. Rxb8 Nxb8 18. Rc1 Be6 19. Nd2 Qd8 20. Nb3 Nd7 21. Nb1 Qb6
22. Qc3 Rb8 23. N1d2 c5 24. dxc5 Bxc3 25. cxb6 Bb4 26. Nf3 Nxb6 27. Bb5 Bd7 28.
Bxd7 Nxd7 29. Nfd4 Ne5 30. Kf1 Nc4 31. Ke2 Kf8 32. Rc2 h5 33. g3 Ke8 34. h4 Kd7
35. Nb5 Rc8 36. Na7 Rc7 37. Nb5 Rc8 38. Na7 Rc7 39. Nb5 Rc8 1/2-1/2

[Event "7th Sunway Sitges 2020"]
[Site "Sitges ESP"]
[Date "2020.12.17"]
[Round "5.4"]
[White "Santos Ruiz, Miguel"]
[Black "Asis Gargatagli, Hipolito"]
[Result "1/2-1/2"]
[WhiteTitle "GM"]
[BlackTitle "GM"]
[WhiteElo "2581"]
[BlackElo "2470"]
[WhiteFideId "22291482"]
[BlackFideId "2260735"]
[EventDate "2020.12.13"]

1. e4 d6 2. d4 Nf6 3. Nc3 g6 4. Be3 a6 5. a4 Bg7 6. f3 O-O 7. Bc4 Nc6 8. Nge2 e5
9. d5 Ne7 10. Qd2 Ne8 11. g4 c5 12. dxc6 bxc6 13. O-O-O Be6 14. Bxe6 fxe6 15. f4
exf4 16. Bxf4 e5 17. Bg5 Ra7 18. h4 Qc8 19. h5 Qxg4 20. hxg6 Nxg6 21. Rdg1 Qe6
22. Ng3 Nf6 23. Nf5 d5 24. Nxg7 Rxg7 25. exd5 cxd5 26. Bh6 d4 27. Nb1 Ne4 28.
Qe2 Qf5 29. Rh5 Ng3 30. Rxg3 Qf1+ 31. Qd1 Qxd1+ 32. Kxd1 Rf1+ 33. Ke2 Rxb1 34.
Rxe5 Rc7 1/2-1/2

[Event "7th Sunway Sitges 2020"]
[Site "Sitges ESP"]
[Date "2020.12.17"]
[Round "5.5"]
[White "Plat, Vojtech"]
[Black "Bellahcene, Bilel"]
[Result "1-0"]
[WhiteTitle "GM"]
[BlackTitle "GM"]
[WhiteElo "2552"]
[BlackElo "2510"]
[WhiteFideId "325740"]
[BlackFideId "696358"]
[EventDate "2020.12.13"]

1. d4 Nf6 2. c4 e6 3. Nc3 Bb4 4. Qc2 d5 5. cxd5 exd5 6. e3 O-O 7. Nf3 c5 8. dxc5
Nc6 9. Be2 Bxc5 10. O-O Qe7 11. a3 Rd8 12. b4 Bb6 13. Na4 Bc7 14. Bb2 Bg4 15.
Nc5 Bxf3 16. Bxf3 Be5 17. Nd3 Bxb2 18. Qxb2 Rd6 19. b5 Na5 20. Qb4 b6 21. Nf4
Qd7 22. Rac1 Rd8 23. Rfd1 Nb7 24. Nd3 Qe7 25. Rc6 g5 26. Rdc1 Na5 27. Rc7 Qe6
28. Qe1 R6d7 29. Rxd7 Rxd7 30. Rc8+ Kg7 31. Qc3 d4 32. exd4 Rxd4 33. Qxd4 Qxc8
34. Qe5 h6 35. h4 Qe8 36. hxg5 Qxe5 37. gxh6+ Kxh6 38. Nxe5 Kg7 39. Kf1 Ne8 40.
Ke2 Nc7 41. a4 Nb3 42. Ke3 Nc5 43. Bd1 Kf6 44. Nc6 a6 45. bxa6 N5xa6 46. Na7 Nc5
47. Kd4 N5e6+ 48. Kc4 Nf8 49. Nc8 Nd7 50. f4 Kf5 51. g3 Ke4 52. Bh5 Ke3 53. Nd6
Nf6 54. Bd1 Kf2 55. Nf5 Ne4 56. g4 Ne6 57. Bc2 N4c5 58. Nd6 Nxf4 59. Nxf7 Kg3
60. g5 Kg4 61. Kb5 Nfe6 1-0

[Event "7th Sunway Sitges 2020"]
[Site "Sitges ESP"]
[Date "2020.12.17"]
[Round "5.6"]
[White "Lagarde, Maxime"]
[Black "Batsiashvili, Nino"]
[Result "1/2-1/2"]
[WhiteTitle "GM"]
[BlackTitle "GM"]
[WhiteElo "2651"]
[BlackElo "2466"]
[WhiteFideId "662399"]
[BlackFideId "13602993"]
[EventDate "2020.12.13"]

1. e4 e5 2. Nf3 Nc6 3. Bc4 Bc5 4. c3 Nf6 5. d4 exd4 6. b4 Bb6 7. e5 d5 8. exf6
dxc4 9. b5 Na5 10. Qe2+ Be6 11. fxg7 Rg8 12. cxd4 c5 13. Bg5 Qd7 14. Nc3 cxd4
15. Ne5 Qd6 16. Ne4 Qb4+ 17. Kf1 Rxg7 18. Nf6+ Kf8 19. Re1 Rxg5 20. Nxh7+ Ke7
21. Nxg5 d3 22. Qf3 d2 23. Ng6+ Kd7 24. Rxe6 fxe6 25. Qf7+ Kc8 26. Qxe6+ Kc7 27.
Qf7+ Kc8 28. Ke2 Bd8 29. Ne4 c3 30. Qe6+ Kc7 31. Qe5+ Kb6 32. Nf4 Qc4+ 33. Kf3
c2 34. Nxd2 Qxb5 35. Qe6+ Nc6 36. Rc1 a5 37. Rxc2 Ka7 38. Rxc6 Qxc6+ 39. Qxc6
bxc6 40. Nd3 Bc7 41. h4 Rd8 42. Ke2 Rd4 43. g3 Ra4 44. h5 Rxa2 45. h6 Bd8 46. f4
Bf6 47. Ne5 a4 48. Nxc6+ Ka8 49. Nb4 Rb2 50. Nd3 Ra2 51. Nb4 Rb2 52. Nd3 Ra2 1/2-1/2

[Event "7th Sunway Sitges 2020"]
[Site "Sitges ESP"]
[Date "2020.12.17"]
[Round "5.7"]
[White "Cornette, Matthieu"]
[Black "Ayats Llobera, Gerard"]
[Result "1-0"]
[WhiteTitle "GM"]
[BlackTitle "IM"]
[WhiteElo "2558"]
[BlackElo "2400"]
[WhiteFideId "620084"]
[BlackFideId "32067607"]
[EventDate "2020.12.13"]

1. e4 c5 2. Nf3 d6 3. Bb5+ Nc6 4. O-O Bd7 5. Re1 a6 6. Bxc6 Bxc6 7. d4 cxd4 8.
Nxd4 Nf6 9. Nxc6 bxc6 10. Qf3 e5 11. Bg5 Be7 12. Nd2 Qd7 13. Nc4 Qe6 14. Bxf6
Bxf6 15. Qc3 d5 16. exd5 cxd5 17. Nxe5 O-O 18. Qg3 Rfe8 19. Nd3 Qc6 20. Rxe8+
Rxe8 21. Re1 Rxe1+ 22. Nxe1 Qb5 23. b3 g6 24. Qe3 Qb4 25. a4 a5 26. g3 h5 27. h4
Qg4 28. Nf3 Kg7 29. Kg2 Qc8 30. Qd2 Qc5 31. Ng1 d4 32. Nf3 Qb6 33. Qd3 Qc6 34.
Kg1 Kh7 35. Nd2 Kg7 36. Qe4 Qc3 37. Nc4 Qb4 38. Qd5 Qc3 39. Nd6 Qe1+ 40. Kg2 Qe7
41. Ne4 1-0